Практическое руководство к решению задач по высшей математике. Интегрирование функций одной переменной. Функции многих переменных. Ряды: учебное пособие

Бібліографічні деталі
Інші автори: Соловьев И. А. Игорь Алексеевич, Шевелев В. В. Валентин Владимирович, Червяков А. В. Александр Викторович, Репин А. Ю. Андрей Юрьевич
Резюме:Учебное пособие посвящено практическому освоению теоретического материала по следующим разделам высшей математики: интегрирование функций одной переменной с геометрическими и физическими приложениями, дифференциальное исчисление функций многих переменных, числовые и степенные ряды, а также ряды Фурье. Предлагается последовательное изучение методов решения основных задач по каждому разделу. Пособие содержит расчетно-графические задания по всем рассмотренным темам. В разделе «Определенный интеграл» помещено большое количество задач геометрического и физического содержания. Имеется большое количество задач для самостоятельного решения, которые снабжены ответами. В пособии излагаются основы высшей математики, поэтому оно может быть рекомендовано для студентов инженерных специальностей, университетов, академий, технических, экономических, финансовых и экологических вузов как очной, так и заочной или дистанционной форм обучения. Расчетно-графические задания могут использоваться преподавателями в качестве заданий для самостоятельной внеаудиторной работы.
Мова:Російська
Опубліковано: СПб., Лань, 2009
Серія:Учебники для вузов. Специальная литература
Предмети:
Формат: Книга
KOHA link:https://koha.lib.tpu.ru/cgi-bin/koha/opac-detail.pl?biblionumber=155781

MARC

LEADER 00000nam0a2200000 4500
001 155781
005 20231101221848.0
010 |a 9785811408191 
035 |a (RuTPU)RU\TPU\book\168962 
090 |a 155781 
100 |a 20090319d2009 m y0rusy50 ca 
101 0 |a rus 
102 |a RU 
105 |a a j 001zy 
200 1 |a Практическое руководство к решению задач по высшей математике. Интегрирование функций одной переменной. Функции многих переменных. Ряды  |e учебное пособие  |f И. А. Соловьев [и др.] 
210 |a СПб.  |c Лань  |d 2009 
215 |a 288 с.  |c ил. 
225 1 |a Учебники для вузов. Специальная литература 
320 |a Библиогр.: с. 284-285. 
330 |a Учебное пособие посвящено практическому освоению теоретического материала по следующим разделам высшей математики: интегрирование функций одной переменной с геометрическими и физическими приложениями, дифференциальное исчисление функций многих переменных, числовые и степенные ряды, а также ряды Фурье. Предлагается последовательное изучение методов решения основных задач по каждому разделу. Пособие содержит расчетно-графические задания по всем рассмотренным темам. В разделе «Определенный интеграл» помещено большое количество задач геометрического и физического содержания. Имеется большое количество задач для самостоятельного решения, которые снабжены ответами. В пособии излагаются основы высшей математики, поэтому оно может быть рекомендовано для студентов инженерных специальностей, университетов, академий, технических, экономических, финансовых и экологических вузов как очной, так и заочной или дистанционной форм обучения. Расчетно-графические задания могут использоваться преподавателями в качестве заданий для самостоятельной внеаудиторной работы. 
606 1 |a Математика высшая  |2 stltpush  |3 (RuTPU)RU\TPU\subj\3986  |9 32308 
610 1 |a задачи 
610 1 |a решения 
610 1 |a неопределенные интегралы 
610 1 |a определенные интегралы 
610 1 |a дифференциальное исчисление 
610 1 |a функции нескольких переменных 
610 1 |a ряды 
610 1 |a практические руководства 
610 1 |a учебные пособия 
675 |a 51(076)  |v 3 
701 1 |a Соловьев  |b И. А.  |g Игорь Алексеевич 
701 1 |a Шевелев  |b В. В.  |g Валентин Владимирович 
701 1 |a Червяков  |b А. В.  |g Александр Викторович 
701 1 |a Репин  |b А. Ю.  |g Андрей Юрьевич 
801 1 |a RU  |b 63413507  |c 20090319  |g PSBO 
801 2 |a RU  |b 63413507  |c 20150502  |g PSBO 
900 |a Высшая математика 
942 |c BK 
951 |a 510000  |a 540000  |a 550000 
959 |a 37/20090319  |d 2  |e 0  |f АНЛ:1  |f ЧЗТЛ:1